Sociology Of Contemporary India/ (Record no. 166875)
[ view plain ]
| 000 -LEADER | |
|---|---|
| fixed length control field | 00676nam a22001817a 4500 |
| 010 ## - LCCN (DPL NO) | |
| LC control number | ENG-126156 |
| 020 ## - INTERNATIONAL STANDARD BOOK NUMBER | |
| International Standard Book Number | 978-93-87253-44-5 |
| Terms of availability | 180.00 |
| 035 ## - SYSTEM CONTROL NUMBER | |
| System control number | EN-109688 |
| 037 ## - SOURCE OF ACQUISITION | |
| Source of stock number/acquisition | DBAD/PUB |
| 082 ## - DEWEY DECIMAL CLASSIFICATION NUMBER | |
| Classification number | 301.0954 |
| 100 ## - MAIN ENTRY--PERSONAL NAME | |
| Personal name | Bhushan, Vidya |
| 245 ## - TITLE STATEMENT | |
| Title | Sociology Of Contemporary India/ |
| Statement of responsibility, etc | edited byVidya Bhushan[and]Pawan Kumar Mishra |
| 260 ## - PUBLICATION, DISTRIBUTION, ETC. (IMPRINT) | |
| Place of publication, distribution, etc | New Delhi |
| Name of publisher, distributor, etc | Kitab Mahal Publishers |
| Date of publication, distribution, etc | 2019 |
| 270 ## - ADDRESS | |
| Address | 8, Hari Sadan (G.F.) 20 Ansari Road, Darya Ganj, |
| City | New Delhi |
| Postal code | 110002 |
| Telephone number | 23273230, 9810669341 |
| Electronic mail address | kitab_mahal@hotmail.com |
| Fax number | 011-23289285 |
| 300 ## - PHYSICAL DESCRIPTION | |
| Extent | 218p. |
| Other physical details | 22cm(pbk) |
| 700 ## - ADDED ENTRY--PERSONAL NAME | |
| Personal name | Vidya Bhushan[and]Pawan Kumar Mishra |
| 942 ## - ADDED ENTRY ELEMENTS (KOHA) | |
| Source of classification or shelving scheme | Dewey Decimal Classification |
| Item type | English Books |
| Classification part | 301.0954 |
| Call number suffix | BHU |
| Withdrawn status | Lost status | Not for loan | Collection code | Home library | Current library | Date acquired | Source of acquisition | Cost, normal purchase price | Full call number | Barcode | Copy number | Cost, replacement price | Koha item type |
|---|---|---|---|---|---|---|---|---|---|---|---|---|---|
| Non-fiction | Andrews Gunj | Andrews Gunj | 13/08/2019 | DBAD/PUB | 180.00 | 301.0954 BHU | EN-109688 | 1 | 180.00 | English Books |
